[Event "Plzen KB op-C U18"]
[Site "Plzen"]
[Date "1997.??.??"]
[Round "8"]
[White "Kalista, Karel"]
[Black "Lener, Jaroslav"]
[Result "1-0"]
[WhiteElo "1815"]
[BlackElo "1750"]
[PlyCount "58"]
[EventDate "1997.??.??"]
[EventRounds "9"]
[EventCountry "CZE"]
[Source "ChessBase"]
[SourceDate "1996.11.15"]

1. Nf3 d5 2. d4 Nc6 3. c4 Nf6 4. cxd5 Nxd5 5. e4 Nb6 6. d5 Nb8 7. Nc3 e6 8.
Bb5+ Bd7 9. dxe6 fxe6 10. Ne5 Qf6 11. Ng4 Qf7 12. O-O Nc6 13. Bxc6 Bxc6 14. Ne5
Qf6 15. Nxc6 bxc6 16. Qe2 Be7 17. e5 Qg6 18. Qe4 Qxe4 19. Nxe4 Rd8 20. f4 Rd4
21. Nc3 Nc4 22. b3 Nb6 23. Ne2 Rd3 24. Ng3 Bc5+ 25. Kh1 g6 26. Bb2 Rd2 27. Rab1
Rf2 28. Ne4 Rxf1+ 29. Rxf1 Be7 1-0

[Event "Plzen KB op-C U18"]
[Site "Plzen"]
[Date "1997.??.??"]
[Round "6"]
[White "Kalista, Karel"]
[Black "Rybak, Milan"]
[Result "0-1"]
[WhiteElo "1815"]
[BlackElo "2280"]
[PlyCount "80"]
[EventDate "1997.??.??"]
[EventRounds "9"]
[EventCountry "CZE"]
[Source "ChessBase"]
[SourceDate "1996.11.15"]

1. Nf3 Nf6 2. c4 e6 3. Nc3 d5 4. d4 c5 5. cxd5 Nxd5 6. e3 Nc6 7. Bd3 Be7 8. O-O
O-O 9. Nxd5 exd5 10. dxc5 Bxc5 11. Bxh7+ Kh8 12. Bc2 Be7 13. Nd4 g6 14. Bb3 Bf6
15. Nf3 Be6 16. Rb1 Kg7 17. Bd2 Rh8 18. Bc3 Rh5 19. Bxf6+ Qxf6 20. Qc1 Bf5 21.
Ra1 d4 22. exd4 Be4 23. d5 Bxf3 24. dxc6 Bxg2 25. Kxg2 Rg5+ 26. Qxg5 Qxg5+ 27.
Kh1 Qf6 28. Rac1 bxc6 29. Rc3 Rd8 30. Kg2 Qe5 31. h3 Rd2 32. Rf3 f5 33. Rc1 c5
34. Rcc3 f4 35. Rc4 g5 36. h4 Rxb2 37. hxg5 Qxg5+ 38. Kh3 Qh5+ 39. Kg2 Qg4+ 40.
Rg3 Qxg3+ 0-1

[Event "Plzen KB op-C U18"]
[Site "Plzen"]
[Date "1997.??.??"]
[Round "2"]
[White "Kaspar, J."]
[Black "Chlouba, J."]
[Result "1-0"]
[WhiteElo "1760"]
[BlackElo "1750"]
[PlyCount "133"]
[EventDate "1997.??.??"]
[EventRounds "9"]
[EventCountry "CZE"]
[Source "ChessBase"]
[SourceDate "1996.11.15"]

1. d4 d5 2. c4 e6 3. Nf3 Nf6 4. Bg5 Be7 5. e3 Nbd7 6. Nc3 Ne4 7. Bxe7 Qxe7 8.
Nxe4 dxe4 9. Nd2 Nf6 10. Qc2 e5 11. d5 Bf5 12. f3 Qc5 13. Kf2 Qb6 14. a3 O-O
15. b4 c5 16. Rb1 a6 17. h3 cxb4 18. fxe4 Nxe4+ 19. Nxe4 a5 20. Bd3 Bg6 21. Ke2
f5 22. c5 Qd8 23. Nd2 Qg5 24. Rbf1 Qxg2+ 25. Kd1 f4 26. Bxg6 hxg6 27. Rhg1 Qxd5
28. exf4 Rxf4 29. Rxf4 exf4 30. Qxg6 Qd4 31. Re1 Qd7 32. axb4 Rd8 33. Qe6+ Qxe6
34. Rxe6 axb4 35. Ke2 Rd5 36. Rb6 Rxc5 37. Rxb4 Rh5 38. Rb3 Kf7 39. Rxb7+ Kf6
40. Rb3 g5 41. Ne4+ Ke5 42. Nf2 Kf5 43. Kf3 Rh7 44. Rb5+ Kg6 45. Kg2 Kh5 46.
Ne4 Rf7 47. Kf3 Rg7 48. Rb8 Rg6 49. Rf8 Rg7 50. Rh8+ Kg6 51. Kg4 Rf7 52. Rg8+
Kh7 53. Rxg5 f3 54. Rf5 Rxf5 55. Kxf5 Kh6 56. Kg4 Kg6 57. Kxf3 Kh5 58. Kg3 Kh6
59. Kg4 Kg6 60. h4 Kh6 61. h5 Kh7 62. Kg5 Kg7 63. Nd6 Kh7 64. Nf5 Kg8 65. Kg6
Kh8 66. Nd6 Kg8 67. Nf7 1-0

[Event "Plzen KB op-C U18"]
[Site "Plzen"]
[Date "1997.??.??"]
[Round "4"]
[White "Kaspar, J."]
[Black "Hercik, Josef"]
[Result "1-0"]
[WhiteElo "1760"]
[BlackElo "1905"]
[PlyCount "137"]
[EventDate "1997.??.??"]
[EventRounds "9"]
[EventCountry "CZE"]
[Source "ChessBase"]
[SourceDate "1996.11.15"]

1. d4 Nf6 2. c4 e5 3. d5 Bc5 4. Bg5 Bxf2+ 5. Kxf2 Ng4+ 6. Ke1 Qxg5 7. Nf3 Qe3
8. Qd2 Qf2+ 9. Kd1 Qb6 10. e3 Nxe3+ 11. Kc1 d6 12. a4 a5 13. Ra3 Nf5 14. Nc3
Na6 15. Nd1 Nc5 16. Kb1 Bd7 17. Qc2 g6 18. Ka2 Na6 19. Ka1 Nb4 20. Qe4 c6 21.
Bd3 cxd5 22. cxd5 O-O 23. Re1 Rac8 24. Nc3 Ng7 25. Qe2 f5 26. Nd2 Qd4 27. Bb1
Nh5 28. Nb3 Qh4 29. g3 Qg5 30. Nxa5 Rc7 31. Nc4 Qe7 32. Rb3 Na6 33. Rb6 Rf6 34.
b4 Ng7 35. Rc1 Ne8 36. Na5 Bc8 37. Nb3 Qd8 38. a5 Bd7 39. Bd3 Qc8 40. Qd2 Kg7
41. Kb2 h6 42. Qe2 g5 43. Bxa6 bxa6 44. Rxa6 Qb8 45. Rb6 Rb7 46. Rxb7 Qxb7 47.
b5 Nc7 48. b6 Na6 49. Qc4 Rf8 50. Nb5 Bxb5 51. Qxb5 Rf7 52. Qc6 Rd7 53. Qxb7
Rxb7 54. Rc8 Rb8 55. Rc6 f4 56. Nd2 Nc5 57. Rxd6 e4 58. Rc6 Na4+ 59. Kb3 e3 60.
gxf4 exd2 61. Kc2 Rd8 62. d6 Nc5 63. Rxc5 Rxd6 64. Kd1 gxf4 65. Rf5 Rd4 66. b7
Rb4 67. a6 Kg6 68. Rf8 f3 69. Rxf3 1-0

[Event "Plzen KB op-C U18"]
[Site "Plzen"]
[Date "1997.??.??"]
[Round "7"]
[White "Kaspar, J."]
[Black "Kalista, Karel"]
[Result "0-1"]
[WhiteElo "1760"]
[BlackElo "1815"]
[PlyCount "76"]
[EventDate "1997.??.??"]
[EventRounds "9"]
[EventCountry "CZE"]
[Source "ChessBase"]
[SourceDate "1996.11.15"]

1. d4 d5 2. c4 c6 3. Nc3 Nf6 4. cxd5 cxd5 5. Bg5 Nbd7 6. Bxf6 Nxf6 7. Nf3 e6 8.
a3 Bd6 9. e3 O-O 10. Bd3 Qb6 11. b4 Bd7 12. O-O Rac8 13. Qd2 Qc7 14. Rfc1 Qb8
15. h3 a6 16. Qd1 Bc6 17. b5 axb5 18. Bxb5 Ne4 19. Nxe4 Bxb5 20. Nxd6 Qxd6 21.
Qb3 Ba6 22. Qb4 Qxb4 23. axb4 Rc4 24. Rab1 Rxc1+ 25. Rxc1 Bc4 26. Ra1 f6 27.
Ra7 b5 28. Nd2 Rc8 29. Ra3 e5 30. dxe5 fxe5 31. Nb3 Bxb3 32. Rxb3 Rc4 33. Kf1
Kf7 34. Ke2 Rc2+ 35. Kf3 Ke6 36. g4 g5 37. Kg3 d4 38. e4 Rc3+ 0-1

[Event "Plzen KB op-C U18"]
[Site "Plzen"]
[Date "1997.??.??"]
[Round "6"]
[White "Kaspar, J."]
[Black "Novak, Ksenija"]
[Result "1-0"]
[WhiteElo "1760"]
[BlackElo "1825"]
[PlyCount "79"]
[EventDate "1997.??.??"]
[EventRounds "9"]
[EventCountry "CZE"]
[Source "ChessBase"]
[SourceDate "1996.11.15"]

1. d4 d5 2. c4 c6 3. Nc3 Nf6 4. cxd5 cxd5 5. e3 Nc6 6. a3 e6 7. Nf3 Be7 8. Bd3
Bd7 9. Bd2 Rc8 10. b4 a6 11. O-O O-O 12. Na4 Na7 13. Nc5 Bc6 14. Ne5 Qb6 15.
Qb1 Bb5 16. Bxb5 Nxb5 17. Ned7 Qa7 18. Nxf8 Bxf8 19. Rc1 Nd6 20. f3 Nc4 21. Nb3
Qb8 22. Qd3 Bd6 23. h3 b5 24. e4 Bf4 25. e5 Nxd2 26. Nxd2 Nd7 27. Rxc8+ Qxc8
28. Nb3 Nb6 29. Nc5 Nc4 30. a4 bxa4 31. Rxa4 a5 32. Rxa5 Nxa5 33. bxa5 g6 34.
Qc3 Qc6 35. Qb4 Kg7 36. Kf2 Bg5 37. a6 Bd8 38. Qb7 Qb6 39. a7 Qa5 40. Nxe6+ 1-0

[Event "Plzen KB op-C U18"]
[Site "Plzen"]
[Date "1997.??.??"]
[Round "9"]
[White "Kaspar, J."]
[Black "Vlk, Miroslav"]
[Result "0-1"]
[WhiteElo "1760"]
[BlackElo "1925"]
[PlyCount "62"]
[EventDate "1997.??.??"]
[EventRounds "9"]
[EventCountry "CZE"]
[Source "ChessBase"]
[SourceDate "1996.11.15"]

1. d4 d5 2. c4 c6 3. Nc3 Nf6 4. cxd5 cxd5 5. Nf3 Nc6 6. e3 Bf5 7. Bd2 e6 8. a3
Bd6 9. b4 O-O 10. h3 h6 11. Be2 Rc8 12. Nh4 Bh7 13. f4 Ne4 14. Nxe4 Bxe4 15.
Nf3 Ne7 16. Rc1 Rxc1 17. Bxc1 Nf5 18. O-O Ng3 19. Rf2 Qc7 20. Bd2 Rc8 21. Kh2
Bc2 22. Qe1 Ne4 23. Rf1 g5 24. g3 Bb3 25. Bd3 Bc4 26. Qe2 Bxd3 27. Qxd3 Qc2 28.
Qb5 Nxd2 29. Rf2 Nxf3+ 30. Kg2 Ne1+ 31. Kf1 Qd3+ 0-1

[Event "Plzen KB op-C U18"]
[Site "Plzen"]
[Date "1997.??.??"]
[Round "4"]
[White "Kovarik, Josef"]
[Black "Hajek, Jan"]
[Result "0-1"]
[WhiteElo "1710"]
[BlackElo "2060"]
[PlyCount "50"]
[EventDate "1997.??.??"]
[EventRounds "9"]
[EventCountry "CZE"]
[Source "ChessBase"]
[SourceDate "1996.11.15"]

1. e4 Nf6 2. e5 Nd5 3. c4 Nb6 4. d4 d6 5. Nf3 Bg4 6. exd6 cxd6 7. h3 Bxf3 8.
Qxf3 Nc6 9. Qd3 g6 10. b3 Bg7 11. Bb2 O-O 12. Be2 d5 13. O-O dxc4 14. bxc4 Nxd4
15. Na3 Nxe2+ 16. Qxe2 Bxb2 17. Qxb2 Qc7 18. Rac1 Rfd8 19. Qb4 Rd7 20. Rfd1
Rad8 21. Rxd7 Rxd7 22. Nb5 Qf4 23. Qc3 a6 24. Na3 Na4 25. Qc2 Rd2 0-1

[Event "Plzen KB op-C U18"]
[Site "Plzen"]
[Date "1997.??.??"]
[Round "6"]
[White "Kovarik, Josef"]
[Black "Hercik, Josef"]
[Result "1-0"]
[WhiteElo "1710"]
[BlackElo "1890"]
[PlyCount "101"]
[EventDate "1997.??.??"]
[EventRounds "9"]
[EventCountry "CZE"]
[Source "ChessBase"]
[SourceDate "1996.11.15"]

1. e4 c5 2. Nf3 d6 3. d4 cxd4 4. Nxd4 Nf6 5. Nc3 a6 6. Be2 g6 7. Be3 Bg7 8. O-O
Bd7 9. f3 Nc6 10. Qd2 h5 11. Rad1 Qc7 12. Nb3 b5 13. h3 Rc8 14. f4 Nd8 15. e5
Nh7 16. exd6 exd6 17. Qxd6 Qxd6 18. Rxd6 b4 19. Nd5 Rxc2 20. Bxa6 Bc6 21. Rd1
Bxd5 22. R6xd5 Ne6 23. Bb5+ Ke7 24. Rd7+ Kf8 25. Ra7 Bxb2 26. Rdd7 Kg8 27. Rxf7
Nhf8 28. Bd3 Rc3 29. Bd4 Rc1+ 30. Nxc1 Bxd4+ 31. Kf1 Bxa7 32. Rxa7 Rh6 33. Bc4
Kh8 34. Nd3 h4 35. Ne5 Rh7 36. Ra8 Kg7 37. Ra7+ Kg8 38. Rxh7 Kxh7 39. Bxe6 Nxe6
40. Nd3 Kg7 41. Kf2 Kf6 42. Nxb4 Nxf4 43. a4 Ne6 44. a5 Nc7 45. a6 Na8 46. Kf3
Kf5 47. Nc6 Nc7 48. a7 Kg5 49. Ne7 Kh5 50. Nxg6 Kxg6 51. Kg4 1-0

[Event "Plzen KB op-C U18"]
[Site "Plzen"]
[Date "1997.??.??"]
[Round "9"]
[White "Kovarik, Josef"]
[Black "Micka, Vladislav"]
[Result "1/2-1/2"]
[WhiteElo "1710"]
[BlackElo "1630"]
[PlyCount "26"]
[EventDate "1997.??.??"]
[EventRounds "9"]
[EventCountry "CZE"]
[Source "ChessBase"]
[SourceDate "1996.11.15"]

1. e4 e6 2. d4 d5 3. Nc3 Nf6 4. e5 Nfd7 5. Nf3 c5 6. Ne2 Nc6 7. c3 cxd4 8. cxd4
Bb4+ 9. Bd2 Bxd2+ 10. Qxd2 Qa5 11. Nc3 b6 12. Nb5 Qxd2+ 13. Kxd2 Ke7 1/2-1/2

[Event "Plzen KB op-C U18"]
[Site "Plzen"]
[Date "1997.??.??"]
[Round "2"]
[White "Kovarik, Josef"]
[Black "Szarowski, Daniel"]
[Result "1/2-1/2"]
[WhiteElo "1710"]
[BlackElo "1905"]
[PlyCount "154"]
[EventDate "1997.??.??"]
[EventRounds "9"]
[EventCountry "CZE"]
[Source "ChessBase"]
[SourceDate "1996.11.15"]

1. e4 e5 2. Bc4 Nc6 3. Nf3 Nf6 4. d4 exd4 5. e5 Ne4 6. O-O d5 7. exd6 Nxd6 8.
Bd5 Be7 9. Nxd4 Nxd4 10. Qxd4 O-O 11. Rd1 Bf6 12. Qf4 Qe7 13. Nc3 Bf5 14. Bb3
Bxc3 15. bxc3 Bg6 16. Ba3 Rfd8 17. Rd2 Qe4 18. Bxd6 Rxd6 19. Bxf7+ Kh8 20. Qxe4
Bxe4 21. Rxd6 cxd6 22. Rd1 Rd8 23. Bb3 g5 24. f3 Bg6 25. Kf2 Kg7 26. Rd2 Kf6
27. g3 b6 28. Re2 d5 29. Rd2 Rc8 30. Rxd5 Rxc3 31. Rd6+ Ke5 32. Re6+ Kd4 33.
Rd6+ Ke5 34. Rd5+ Kf6 35. Rd6+ Ke5 36. Re6+ Kd4 37. Rd6+ Ke5 38. Rd5+ Kf6 39.
Rd2 Rc5 40. c4 Bf7 41. Rd4 b5 42. cxb5 Bxb3 43. axb3 Rxb5 44. b4 a5 45. bxa5
Rxa5 46. h4 Ra2+ 47. Ke3 gxh4 48. Rxh4 Ra3+ 49. Kf2 Ra2+ 50. Kg1 Kg6 51. Rh2
Ra1+ 52. Kg2 Ra2+ 53. Kh3 Ra3 54. Kg4 Ra5 55. f4 h5+ 56. Kh4 Ra1 57. Kh3 Kf5
58. Re2 Kg6 59. Re6+ Kh7 60. Re5 Kg6 61. Rg5+ Kh6 62. Rg8 Kh7 63. Re8 Rh1+ 64.
Kg2 Ra1 65. Re6 Ra2+ 66. Kh3 Rf2 67. Rd6 Rf1 68. Kh4 Rh1+ 69. Kg5 Rh3 70. Rh6+
Kg7 71. Rxh5 Rxg3+ 72. Kf5 Kf7 73. Rh7+ Kg8 74. Ra7 Rf3 75. Kg4 Rf1 76. f5 Kf8
77. Kg5 Kg8 1/2-1/2

[Event "Plzen KB op-C U18"]
[Site "Plzen"]
[Date "1997.??.??"]
[Round "7"]
[White "Kubikova, Hana"]
[Black "Kovarik, Josef"]
[Result "1-0"]
[WhiteElo "2195"]
[BlackElo "1710"]
[PlyCount "73"]
[EventDate "1997.??.??"]
[EventRounds "9"]
[EventCountry "CZE"]
[Source "ChessBase"]
[SourceDate "1996.11.15"]

1. d4 d5 2. Nf3 Nf6 3. c4 c6 4. Nc3 dxc4 5. g3 Bf5 6. Bg2 e6 7. Ne5 Bb4 8. Nxc4
O-O 9. O-O Nbd7 10. Qb3 Bxc3 11. bxc3 Nb6 12. Ne5 Be4 13. f3 Bg6 14. e4 Nfd7
15. Nd3 Rc8 16. Rd1 Re8 17. a4 a5 18. Bf4 Qe7 19. Kh1 f6 20. Rab1 Bf7 21. Qc2
g5 22. Bc1 Rc7 23. Nc5 Nxc5 24. Rxb6 Nd7 25. Rb1 Nf8 26. Qe2 Bh5 27. Rb3 h6 28.
Ba3 Qd7 29. Bc5 Rcc8 30. Rdb1 b5 31. axb5 cxb5 32. Rxb5 a4 33. Qa2 Ra8 34. Rb7
Qc8 35. Qa3 Nd7 36. Bd6 Ra6 37. Rc7 1-0

[Event "Plzen KB op-C U18"]
[Site "Plzen"]
[Date "1997.??.??"]
[Round "5"]
[White "Kubikova, Hana"]
[Black "Lener, Jaroslav"]
[Result "0-1"]
[WhiteElo "2190"]
[BlackElo "1750"]
[PlyCount "90"]
[EventDate "1997.??.??"]
[EventRounds "9"]
[EventCountry "CZE"]
[Source "ChessBase"]
[SourceDate "1996.11.15"]

1. d4 d5 2. Nf3 Nf6 3. c4 c6 4. Nc3 g6 5. Bf4 Bf5 6. Qb3 b6 7. e3 e6 8. cxd5
exd5 9. Rc1 Nbd7 10. Ba6 Nh5 11. Bb7 Nxf4 12. exf4 Bh6 13. O-O Bxf4 14. Rce1+
Kf8 15. Ne2 Bd6 16. Bxc6 Rc8 17. Bxd5 Qf6 18. Rc1 Kg7 19. Nc3 h5 20. Rfe1 Bf4
21. Rcd1 h4 22. Bc4 Bg4 23. Nd5 Qd6 24. Nxf4 Qxf4 25. Bd5 h3 26. Re7 Rhf8 27.
g3 Qf6 28. Rde1 Qf5 29. Nh4 Qf6 30. Nf3 Rcd8 31. R7e3 Qd6 32. Ng5 Nf6 33. Bxf7
Qxd4 34. Be6 Qd2 35. Bxg4 Nxg4 36. R3e2 Qxg5 37. f4 Qc5+ 38. Kf1 Rde8 39. Qf3
Rxe2 40. Qxe2 Qf5 41. Rc1 Rf7 42. Kg1 Qd5 43. b3 Qd4+ 44. Kf1 Ne3+ 45. Ke1 Re7
0-1

[Event "Plzen KB op-C U18"]
[Site "Plzen"]
[Date "1997.??.??"]
[Round "3"]
[White "Kubikova, Hana"]
[Black "Markov, Jurij"]
[Result "0-1"]
[WhiteElo "2195"]
[BlackElo "2415"]
[PlyCount "106"]
[EventDate "1997.??.??"]
[EventRounds "9"]
[EventCountry "CZE"]
[Source "ChessBase"]
[SourceDate "1996.11.15"]

1. d4 d5 2. Nf3 Nf6 3. c4 c6 4. Nc3 dxc4 5. a4 Bf5 6. e3 e6 7. Bxc4 Bb4 8. O-O
O-O 9. Qe2 Nbd7 10. e4 Bg6 11. Bd3 Re8 12. Rd1 Qa5 13. e5 Nd5 14. Ne4 Nf8 15.
Nh4 Bxe4 16. Qxe4 Rad8 17. Nf3 Be7 18. h4 Nb4 19. Bc4 Rd7 20. Bd2 Red8 21. Bc3
Qc7 22. Qg4 a5 23. Rac1 Qb8 24. Nd2 b5 25. Bb3 Nd3 26. Bxa5 Nxc1 27. Bxd8 Qxd8
28. Rxc1 Rxd4 29. Ne4 bxa4 30. Bxa4 Rxa4 31. Nf6+ Bxf6 32. Qxa4 Bxe5 33. Rxc6
Bxb2 34. Qc2 Bd4 35. g3 h5 36. Rc8 Qd6 37. Kg2 g6 38. Qe4 Bg7 39. Qc2 Bf6 40.
Qa4 Qd5+ 41. Kg1 Bg7 42. Qe8 Qf5 43. Kg2 g5 44. hxg5 Qxg5 45. Rc7 Qf5 46. Rc8
Kh7 47. Rd8 Ng6 48. f4 Qe4+ 49. Kh2 Qe2+ 50. Kh3 Qg4+ 51. Kh2 h4 52. Qxf7 Qxg3+
53. Kh1 Qf3+ 0-1

[Event "Plzen KB op-C U18"]
[Site "Plzen"]
[Date "1997.??.??"]
[Round "9"]
[White "Kubikova, Hana"]
[Black "Szarowski, Daniel"]
[Result "1-0"]
[WhiteElo "2195"]
[BlackElo "1905"]
[PlyCount "105"]
[EventDate "1997.??.??"]
[EventRounds "9"]
[EventCountry "CZE"]
[Source "ChessBase"]
[SourceDate "1996.11.15"]

1. d4 d5 2. Nf3 Nf6 3. c4 c6 4. g3 Bf5 5. Nc3 Nbd7 6. cxd5 cxd5 7. Qb3 Qb6 8.
Qxb6 Nxb6 9. Nb5 Kd8 10. Bf4 Nc4 11. Bc7+ Kd7 12. Be5 a6 13. Nc3 e6 14. Bxf6
gxf6 15. Nh4 Bg6 16. e4 Bb4 17. Bxc4 dxc4 18. f3 f5 19. exf5 Bxf5 20. Nxf5 exf5
21. O-O-O Bxc3 22. bxc3 Kd6 23. Rhe1 f6 24. Re2 Rhe8 25. Rde1 Rxe2 26. Rxe2 h5
27. Kd2 b5 28. a3 a5 29. Re1 f4 30. g4 hxg4 31. fxg4 Rh8 32. Re2 Rh3 33. Rf2
Kd5 34. Rxf4 Rxh2+ 35. Ke3 Rc2 36. Rf5+ Ke6 37. Rxb5 Rxc3+ 38. Ke4 Rxa3 39. d5+
Kd6 40. Rb6+ Ke7 41. Rc6 Ra4 42. Kf5 Rb4 43. Re6+ Kd7 44. Rxf6 a4 45. g5 Rb1
46. Ke5 Kd8 47. Ra6 Re1+ 48. Kd6 Kc8 49. Rxa4 Rg1 50. Kc6 Kd8 51. d6 Ke8 52.
Ra8+ Kf7 53. d7 1-0

[Event "Plzen KB op-C U18"]
[Site "Plzen"]
[Date "1997.??.??"]
[Round "6"]
[White "Lener, Jaroslav"]
[Black "Adamek, Frantisek"]
[Result "1-0"]
[WhiteElo "1750"]
[BlackElo "2050"]
[PlyCount "23"]
[EventDate "1997.??.??"]
[EventRounds "9"]
[EventCountry "CZE"]
[Source "ChessBase"]
[SourceDate "1996.11.15"]

1. Nf3 g6 2. d4 f5 3. Nc3 Bg7 4. e4 d6 5. Bc4 h6 6. exf5 Bxf5 7. Nh4 Qd7 8.
Nxf5 Qxf5 9. Be3 c6 10. Bd3 Qf7 11. Qg4 g5 12. Qc8# 1-0

[Event "Plzen KB op-C U18"]
[Site "Plzen"]
[Date "1997.??.??"]
[Round "9"]
[White "Lener, Jaroslav"]
[Black "Baumruk, Josef"]
[Result "0-1"]
[WhiteElo "1750"]
[BlackElo "1875"]
[PlyCount "128"]
[EventDate "1997.??.??"]
[EventRounds "9"]
[EventCountry "CZE"]
[Source "ChessBase"]
[SourceDate "1996.11.15"]

1. Nf3 Nf6 2. d4 c5 3. c3 e6 4. Nbd2 Be7 5. e4 O-O 6. Bd3 d5 7. e5 Nh5 8. Nf1
f5 9. Ng3 Qe8 10. Bd2 Nc6 11. Be2 Bd7 12. Nxh5 Qxh5 13. Ng5 Qe8 14. Nf3 cxd4
15. cxd4 Qg6 16. O-O h5 17. Bf4 h4 18. Ne1 Be8 19. Nc2 Qh7 20. Qd2 Bh5 21. h3
Bxe2 22. Qxe2 g5 23. Bh2 Rac8 24. Rac1 Qg6 25. f3 Rc7 26. Kh1 Rfc8 27. Rcd1 Bf8
28. Bg1 Ne7 29. Na3 a6 30. Qd2 Bh6 31. Be3 b5 32. Rc1 f4 33. Bf2 Rxc1 34. Rxc1
Rxc1+ 35. Qxc1 Qd3 36. Qc2 Qf1+ 37. Bg1 Bf8 38. Qb1 Qe2 39. Qc2 Nf5 40. Kh2 Qe1
41. Bf2 Qf1 42. Qd2 Kf7 43. Nc2 Ng3 44. Qe1 Qc4 45. Qb1 Qe2 46. Bg1 a5 47. a3
b4 48. axb4 axb4 49. Na1 Nf1+ 50. Kh1 Ne3 51. Bxe3 fxe3 52. Nb3 Kg7 53. Nc5
Bxc5 54. dxc5 Qc4 55. c6 Qxc6 56. Qd3 Qc5 57. b3 Qc3 58. Qb5 Qe1+ 59. Kh2 Qg3+
60. Kh1 Qxe5 61. Qxb4 e2 62. Qe7+ Kh6 63. Qf8+ Qg7 64. Qb4 Qa1+ 0-1

[Event "Plzen KB op-C U18"]
[Site "Plzen"]
[Date "1997.??.??"]
[Round "4"]
[White "Lener, Jaroslav"]
[Black "Jenc, Milan"]
[Result "1/2-1/2"]
[WhiteElo "1750"]
[BlackElo "1760"]
[PlyCount "43"]
[EventDate "1997.??.??"]
[EventRounds "9"]
[EventCountry "CZE"]
[Source "ChessBase"]
[SourceDate "1996.11.15"]

1. Nf3 Nf6 2. c4 g6 3. Nc3 Bg7 4. d3 O-O 5. g3 d5 6. cxd5 Nxd5 7. Bd2 c6 8. Bg2
Qd6 9. Qc1 Nd7 10. O-O N7f6 11. a3 a5 12. Re1 Be6 13. Ng5 Nd7 14. Nce4 Qe5 15.
Rb1 Bf5 16. Nf3 Qb8 17. Nc5 N5f6 18. Nxd7 Bxd7 19. Bf4 Qa7 20. Be3 Qb8 21. Bf4
Qa7 22. Be3 1/2-1/2

[Event "Plzen KB op-C U18"]
[Site "Plzen"]
[Date "1997.??.??"]
[Round "7"]
[White "Lener, Jaroslav"]
[Black "Vit, Jiri"]
[Result "1/2-1/2"]
[WhiteElo "1750"]
[BlackElo "2050"]
[PlyCount "49"]
[EventDate "1997.??.??"]
[EventRounds "9"]
[EventCountry "CZE"]
[Source "ChessBase"]
[SourceDate "1996.11.15"]

1. Nf3 d5 2. d4 Nf6 3. Bg5 e6 4. e3 Be7 5. Nbd2 O-O 6. Bd3 Nbd7 7. O-O c5 8. c3
b6 9. Bc2 Ba6 10. Re1 Rc8 11. e4 dxe4 12. Bxf6 Nxf6 13. Nxe4 cxd4 14. Nxd4 Qc7
15. Re3 Rfd8 16. Nxf6+ Bxf6 17. Qb1 g6 18. Nf3 Rd6 19. Bd3 Bxd3 20. Rxd3 Rcd8
21. Rxd6 Qxd6 22. Qf1 g5 23. h3 h5 24. Qe2 Qd3 25. Kf1 1/2-1/2

[Event "Plzen KB op-C U18"]
[Site "Plzen"]
[Date "1997.??.??"]
[Round "2"]
[White "Lener, Jaroslav"]
[Black "Vojir, Vaclav"]
[Result "1/2-1/2"]
[WhiteElo "1750"]
[BlackElo "1915"]
[PlyCount "68"]
[EventDate "1997.??.??"]
[EventRounds "9"]
[EventCountry "CZE"]
[Source "ChessBase"]
[SourceDate "1996.11.15"]

1. Nf3 Nf6 2. c4 d6 3. d4 g6 4. Nc3 Bg7 5. e4 O-O 6. Be2 Nbd7 7. O-O c6 8. Qc2
e5 9. dxe5 dxe5 10. Rd1 Qc7 11. b3 Re8 12. Ba3 Bf8 13. Bxf8 Kxf8 14. Rd2 b6 15.
Rad1 Bb7 16. Ng5 Kg7 17. h4 Rad8 18. Rd6 Nf8 19. Rxd8 Rxd8 20. Rxd8 Qxd8 21.
Nf3 Qd6 22. Nh2 Ne6 23. Nf1 Nd4 24. Qd3 Nxe2+ 25. Qxe2 Bc8 26. Ne3 Qd4 27. Qc2
h5 28. Kf1 Be6 29. Ke1 Nd7 30. Ne2 Qd6 31. Nc1 Nc5 32. b4 Nd7 33. a3 Nf6 34.
Nb3 Nd7 1/2-1/2

[Event "Plzen KB op-C U18"]
[Site "Plzen"]
[Date "1997.??.??"]
[Round "7"]
[White "Markov, Jurij"]
[Black "Cvikl, Michal"]
[Result "1-0"]
[WhiteElo "2415"]
[BlackElo "1855"]
[PlyCount "69"]
[EventDate "1997.??.??"]
[EventRounds "9"]
[EventCountry "CZE"]
[Source "ChessBase"]
[SourceDate "1996.11.15"]

1. Nf3 Nf6 2. g3 b6 3. Bg2 Bb7 4. O-O e6 5. d4 Be7 6. c4 O-O 7. d5 d6 8. Nc3 e5
9. e4 Nbd7 10. Ne1 Re8 11. f4 exf4 12. gxf4 Bf8 13. Nc2 Nc5 14. Re1 a5 15. Nd4
Qd7 16. e5 dxe5 17. fxe5 Qg4 18. Nf3 Nfe4 19. Nxe4 Nxe4 20. Be3 Bb4 21. Re2 f5
22. Qc2 Qh5 23. Rf1 Rad8 24. a3 Bf8 25. Bd4 g5 26. Ne1 Nf6 27. Rxf5 Ng4 28. Bf3
Bc8 29. Qe4 Bxf5 30. Qxf5 Nh6 31. Qxf8+ Rxf8 32. Bxh5 Nf5 33. Bf2 Rd7 34. e6
Re7 35. Nd3 1-0

[Event "Plzen KB op-C U18"]
[Site "Plzen"]
[Date "1997.??.??"]
[Round "9"]
[White "Markov, Jurij"]
[Black "Kalista, Karel"]
[Result "1-0"]
[WhiteElo "2415"]
[BlackElo "1815"]
[PlyCount "87"]
[EventDate "1997.??.??"]
[EventRounds "9"]
[EventCountry "CZE"]
[Source "ChessBase"]
[SourceDate "1996.11.15"]

1. e4 e6 2. d4 d5 3. Nc3 Nf6 4. exd5 exd5 5. Bf4 c6 6. Qd2 Bf5 7. Nge2 Bd6 8.
f3 h5 9. O-O-O Qc7 10. Bxd6 Qxd6 11. Qg5 Bg6 12. Nf4 Nh7 13. Qg3 Kd8 14. Nxh5
Qxg3 15. Nxg3 Nf6 16. Nce2 Nbd7 17. Nf4 Rh6 18. Nxg6 Rxg6 19. Nf5 Kc7 20. g4
Ne8 21. h4 Nd6 22. Nxd6 Rxd6 23. g5 g6 24. h5 gxh5 25. Rxh5 Rg6 26. f4 Rag8 27.
Bd3 R6g7 28. Rdh1 Nf8 29. Bh7 Rh8 30. Bf5 Rhg8 31. Rh6 Ng6 32. Rf1 Ne7 33. Bd3
Kd7 34. Kd2 Kc7 35. Ke3 Kd7 36. Kf3 Kc7 37. Rfh1 Kd7 38. Rh7 Ng6 39. Rxg7 Rxg7
40. f5 Nf8 41. Kf4 Rg8 42. c4 dxc4 43. Bxc4 Rg7 44. Rh8 1-0

[Event "Plzen KB op-C U18"]
[Site "Plzen"]
[Date "1997.??.??"]
[Round "4"]
[White "Markov, Jurij"]
[Black "Rybak, Milan"]
[Result "1-0"]
[WhiteElo "2415"]
[BlackElo "2280"]
[PlyCount "80"]
[EventDate "1997.??.??"]
[EventRounds "9"]
[EventCountry "CZE"]
[Source "ChessBase"]
[SourceDate "1996.11.15"]

1. Nf3 Nf6 2. g3 e6 3. Bg2 d5 4. O-O c5 5. d4 Nc6 6. c4 dxc4 7. Qa4 Bd7 8. dxc5
Qa5 9. Qxc4 Qxc5 10. Na3 Rc8 11. Rd1 Nd5 12. Qe4 Be7 13. Bg5 f6 14. Bd2 O-O 15.
Rac1 Qb6 16. Nc4 Qa6 17. a3 Nb8 18. Be1 Rfe8 19. Nfd2 b5 20. Ne3 Nxe3 21. Qxe3
b4 22. axb4 Bxb4 23. Ne4 Bf8 24. Bc3 Bb5 25. Ra1 Rcd8 26. Bd4 Ba4 27. Rdc1 e5
28. Bxa7 Nc6 {#} 29. Nxf6+ gxf6 30. Bxc6 Qxc6 31. Rxc6 Bxc6 32. Bc5 Ra8 33.
Rxa8 Rxa8 34. f3 Bg7 35. Qb3+ Kh8 36. Qe6 Bb5 37. Kf2 h6 38. Be7 Ra6 39. Qd5
Ba4 40. Qd8+ Kh7 1-0

[Event "Plzen KB op-C U18"]
[Site "Plzen"]
[Date "1997.??.??"]
[Round "5"]
[White "Markov, Jurij"]
[Black "Vit, Jiri"]
[Result "1-0"]
[WhiteElo "2415"]
[BlackElo "2050"]
[PlyCount "105"]
[EventDate "1997.??.??"]
[EventRounds "9"]
[EventCountry "CZE"]
[Source "ChessBase"]
[SourceDate "1996.11.15"]

1. Nf3 e6 2. g3 f5 3. Bg2 Nf6 4. O-O Be7 5. c4 O-O 6. Nc3 d5 7. d3 c6 8. Rb1
dxc4 9. dxc4 Qxd1 10. Rxd1 Rd8 11. Rxd8+ Bxd8 12. b4 Bc7 13. b5 e5 14. e4 g6
15. exf5 Bxf5 16. bxc6 bxc6 17. Rb7 Ba5 18. Na4 Nbd7 19. Nd2 Rb8 20. Bxc6 Rxb7
21. Bxb7 Bc2 22. Nb3 Bc7 23. Be3 Nb6 24. Nxb6 axb6 25. c5 bxc5 26. Nxc5 Kf7 27.
h3 Ke7 28. Kf1 Kd6 29. Nb3 Nd7 30. Bf3 Bb1 31. Nc1 Ba5 32. Be2 Bb4 33. Bc4 Nc5
34. h4 Ne4 35. Bd3 Bxd3+ 36. Nxd3 Ba5 37. Kg2 Nc3 38. Bd2 Kd5 39. f3 Kd4 40.
Nf2 Bd8 41. Bxc3+ Kxc3 42. Ne4+ Kb2 43. a4 Kb3 44. Nc5+ Kb4 45. Nd3+ Kxa4 46.
Nxe5 Kb5 47. Nf7 Bf6 48. Ng5 h6 49. Ne6 Kc6 50. Nf8 g5 51. Nh7 Be7 52. hxg5
hxg5 53. Kh3 1-0